000 00294nam a2200097Ia 4500
008 220120s9999||||xx |||||||||||||| ||und||
100 _aBopanna B.P and others
_912572
245 0 _aRemote monitoring systems
260 _aCoorg Institute of Technology
_bPonnampet
_c2015
650 _aCOMPUTER SCIENCE
999 _c138170
_d138170